000 00460nam a2200157 i 4500
001 69336
003 ES-MaACL
005 20230906170509.0
007 t|
008 040705s1970 sp ||||1| spa d
100 1 _aGarcía Barros, Jorge.
_954236
245 1 0 _aMedio siglo de vida coruñesa
_b: 1834-1886 /
_cJorge García Barros.
260 _a[La Coruña :
_bs.n.,
_c1970] (
_fGrafinsa)
300 _a551 p. ;
_c24 cm.
852 _aES-MaACL
_jC-41793
_bR.74668
999 _c69336
_d69336